000 00599nam a2200229Ia 4500
003 OSt
005 20220928111321.0
006 a|||||r|||| 00| 0
007 ta
008 220927b |||||||| |||| 00| 0 eng d
024 _a38103
037 _cTextual
040 _aSDCL
_cSDCL
_beng
041 _2eng
_aeng
082 _aQ7y7F73, M8
100 _aGoyal Jaibhagwan
_9401159
245 0 _aShekh Baba Fareed aur unka kaavya.
260 _aDelhi
_bAatmaaram
_c1988
300 _a72p.
_ccm.
942 _hQ7y7F73, M8
_cTEXL
_2CC
999 _c739654
_d739654